Libros sagrados: los textos que han dado origen a las principales religiones
Gespeichert in:
| 1. Verfasser: | |
|---|---|
| Format: | Buch |
| Sprache: | Englisch Spanisch |
| Veröffentlicht: |
Barcelona, España
Editorial Océano S.L
2010
|
| Schlagworte: | |
| Tags: |
Tag hinzufügen
Keine Tags, Fügen Sie den ersten Tag hinzu!
|
MARC
| LEADER | 00000nam a22000007a 4500 | ||
|---|---|---|---|
| 003 | CL-VaPUC | ||
| 005 | 20230823124253.0 | ||
| 008 | 200123b ||||| |||| 00| 0 eng d | ||
| 999 | |c 379587 |d 379585 | ||
| 020 | |a 9788475567082 | ||
| 040 | |c Pontificia Universidad Católica de Valparaíso | ||
| 041 | 0 | |a spa | |
| 082 | |a 291.82 PAS 2010 | ||
| 100 | |a Pascual Fernández, Arturo Marcelo |9 719771 | ||
| 245 | 1 | 0 | |a Libros sagrados: |b los textos que han dado origen a las principales religiones |
| 260 | 3 | |a Barcelona, España |b Editorial Océano S.L |c 2010 | |
| 300 | |a 380 páginas | ||
| 505 | 0 | |a Cristianismo y Gnosticismo. Judaismo. Islamismo. Hinduismo, Ayyavazhismo, Sijismo y Jainismo. Budismo. Confucionismo, Taoísmo y Sintoísmo. Mitología y Hermetismo. Nuevas revelaciones. Satanismo y Neopaganismo | |
| 583 | |c 20200123 |k Daniel Castañeda | ||
| 650 | 0 | 0 | |a LIBROS SAGRADOS |9 611776 |
| 650 | 0 | 0 | |a Judaísmo |9 269348 |
| 650 | 0 | 0 | |a Cristianismo |9 257361 |
| 650 | 0 | 0 | |a Hinduismo |9 265212 |
| 650 | 0 | 0 | |a BUDISMO |9 611777 |
| 650 | 0 | 0 | |a Islamismo |9 314084 |
| 650 | 0 | 0 | |a SATANISMO |9 397991 |
| 942 | |2 ddc |c BK | ||
| 952 | |0 0 |1 0 |2 ddc |4 0 |6 291_820000000000000_PAS_2010 |7 0 |8 A |9 500178 |a BIBGIM |b BIBGIM |d 2020-01-23 |i 5614759 |l 1 |m 2 |o 291.82 PAS 2010 |p 5614759 |r 2025-01-15 |s 2024-03-13 |t 1 |w 2020-01-23 |y BK |k ORI | ||